书目信息 |
| 题名: |
沙郡年记
|
|
| 作者: | 利奥波德 著 ;王铁铭 译 | |
| 分册: | ||
| 出版信息: | 桂林 广西师范大学出版社 2014 |
|
| 页数: | 260页 | |
| 开本: | 21cm | |
| 丛书名: | ||
| 单 册: | ||
| 中图分类: | I712.65 | |
| 科图分类: | ||
| 主题词: | 散文集--美国--现代 , 散文集 | |
| 电子资源: | ||
| ISBN: | 978-7-5495-5145-3 | |
| 000 | 00928nam0 2200265 450 | |
| 001 | 2370182349 | |
| 005 | 20231215204130.09 | |
| 010 | @a978-7-5495-5145-3@dCNY 36.00 | |
| 100 | @a20140814d2014 em y0chiy0120 ea | |
| 101 | 1 | @achi@ceng |
| 102 | @aCN@b450000 | |
| 105 | @ay z 000cy | |
| 200 | 1 | @a沙郡年记@Asha jun nian ji@b专著@dA sand county almanac@f(美)奥尔多·利奥波德著@g王铁铭译@zeng |
| 210 | @a桂林@c广西师范大学出版社@d2014 | |
| 215 | @a260页@d21cm | |
| 300 | @a故藏 010 | |
| 330 | @a本书描绘了20世纪中期以前美国南部各州的生态状况,同时通过严肃客观的分析表达了对人与自然的关系、土地伦理、生态良知等问题的看法。 | |
| 510 | 1 | @aSand county almanac@zeng |
| 606 | 0 | @a散文集@y美国@z现代 |
| 606 | 0 | @a散文集 |
| 690 | @aI712.65@v5 | |
| 701 | 0 | @c(美)@a利奥波德@Ali ao bo de@c(Leopold,Aldo@f1887 1948)@4著 |
| 702 | 0 | @a王铁铭@Awang tie ming@4译 |
| 801 | 2 | @aCN@b辽宁北配@c20231205 |
| 905 | @aBZT@dI712.65@e101 | |
| 沙郡年记=A sand county almanac/(美)奥尔多·利奥波德著/王铁铭译.-桂林:广西师范大学出版社,2014 |
| 260页;21cm |
| 故藏 010 |
| ISBN 978-7-5495-5145-3:CNY 36.00 |
| 本书描绘了20世纪中期以前美国南部各州的生态状况,同时通过严肃客观的分析表达了对人与自然的关系、土地伦理、生态良知等问题的看法。 |
| ● |
| 相关链接 |
|
|
|
正题名:沙郡年记
索取号:I712.65/101
 
预约/预借
| 序号 | 登录号 | 条形码 | 馆藏地/架位号 | 状态 | 备注 |
| 1 | 2001513566 | 2001513566 | 218书库/ [索取号:I712.65/101] | 在馆 | |
| 2 | 2001513567 | 2001513567 | 218书库/ [索取号:I712.65/101] | 在馆 | |
| 3 | 2001513568 | 2001513568 | 218书库/ [索取号:I712.65/101] | 在馆 | |
| 4 | 2001513569 | 2001513569 | 218书库/ [索取号:I712.65/101] | 在馆 | |
| 5 | 2001513570 | 2001513570 | 第四书库/四18架B面4层3列/ [索取号:I712.65/101] | 在馆 | |
| 6 | 2001513571 | 2001513571 | 第四书库/四18架B面4层3列/ [索取号:I712.65/101] | 在馆 | |
| 7 | 2001513572 | 2001513572 | 218书库/ [索取号:I712.65/101] | 在馆 | |
| 8 | 2001513573 | 2001513573 | 218书库/ [索取号:I712.65/101] | 在馆 | |
| 9 | 2001513574 | 2001513574 | 第四书库/四22架A面5层4列/ [索取号:I712.65/101] | 在馆 | |
| 10 | 2001513575 | 2001513575 | 315书库/ [索取号:I712.65/101] | 在馆 | |
| 11 | 2001513576 | 2001513576 | 315书库/ [索取号:I712.65/101] | 在馆 | |
| 12 | 2001513577 | 2001513577 | 315书库/ [索取号:I712.65/101] | 在馆 | |
| 13 | 2001513578 | 2001513578 | 315书库/ [索取号:I712.65/101] | 在馆 | |
| 14 | 2001513579 | 2001513579 | 315书库/ [索取号:I712.65/101] | 在馆 | |
| 15 | 2001513580 | 2001513580 | 315书库/ [索取号:I712.65/101] | 在馆 | |
| 16 | 2001513581 | 2001513581 | 第四书库/四18架B面4层3列/ [索取号:I712.65/101] | 在馆 | |
| 17 | 2001513582 | 2001513582 | 503书库/ [索取号:I712.65/101] | 在馆 | |
| 18 | 2001513583 | 2001513583 | 503书库/ [索取号:I712.65/101] | 在馆 | |
| 19 | 2001513584 | 2001513584 | 503书库/ [索取号:I712.65/101] | 在馆 | |
| 20 | 2001513585 | 2001513585 | 503书库/ [索取号:I712.65/101] | 在馆 | |
| 21 | 2001513586 | 2001513586 | 503书库/ [索取号:I712.65/101] | 在馆 | |
| 22 | 2001513587 | 2001513587 | 503书库/ [索取号:I712.65/101] | 在馆 | |
| 23 | 2001513588 | 2001513588 | 501书库/ [索取号:I712.65/101] | 在馆 | |
| 24 | 2001513589 | 2001513589 | 501书库/ [索取号:I712.65/101] | 在馆 | |
| 25 | 2001513590 | 2001513590 | 501书库/ [索取号:I712.65/101] | 在馆 | |
| 26 | 2001513591 | 2001513591 | 501书库/ [索取号:I712.65/101] | 在馆 | |
| 27 | 2001513592 | 2001513592 | 501书库/ [索取号:I712.65/101] | 在馆 | |
| 28 | 2001513593 | 2001513593 | 501书库/ [索取号:I712.65/101] | 在馆 | |
| 29 | 2001513594 | 2001513594 | 第四书库/四22架A面5层4列/ [索取号:I712.65/101] | 在馆 | |
| 30 | 2001513595 | 2001513595 | 第四书库/四22架A面5层4列/ [索取号:I712.65/101] | 在馆 |